000 00287nam a2200133Ia 4500
100 _aForouzan/Behrouz A
942 _cBK
654 _alan
245 _aLocal Area Networks
260 _bTata Mc Graw hill
_aNew Delhi
_c2003
082 _a4.68
_bFOR
300 _a618
546 _aENGLISH
999 _c18875
_d18875